000 00345pab a2200157 454500
008 180718b2002 xxu||||| |||| 00| 0 eng d
100 _aThomas, E.C.
245 _aFDI in print media
260 _c2002
300 _ap.43-46.
362 _aNov
650 _aPrint media
650 _aForeign investment
773 _aYojana
909 _a54167
999 _c54167
_d54167